|
|
|
|
| LEADER |
00000nam a22000007a 4500 |
| 005 |
20210311232453.0 |
| 007 |
cr|||| |||| |
| 008 |
210311s2017 us |||||s|||| 00||0 eng d |
| 020 |
|
|
|a 978-1-119-12980-6
|
| 035 |
|
|
|a 32461
|
| 040 |
|
|
|a vLex
|
| 090 |
|
|
|c 11343
|d 11343
|
| 100 |
1 |
|
|a Tint, Barbara
|
| 245 |
1 |
0 |
|a Diasporas in Dialogue
|h [Recurso electrn̤ico] :
|b Conflict Transformation and Reconciliation in Worldwide Refugee Communities /
|c Barbara Tint
|
| 256 |
|
|
|a Servicio en ln̕ea
|
| 260 |
|
|
|a Hoboken:
|b Wiley,
|c 2017
|
| 300 |
|
|
|a 1 recurso electrn̤ico
|
| 500 |
|
|
|a Diasporas in Dialogue is an indispensable guide for those leading or participating in dialogue processes, especially in ethnically diverse communities. The text offers both a theoretical and practical framework for dialogue, providing insight into the needs, assets and challenges of working in this capacity. The first book to offer structured processes for dialogue with refugee communities - demonstrates how diaspora communities can be engaged in dialogue that heals, reconciles and builds peace Relates the story of the Portland Diaspora Dialogue Project, a remarkable collaboration between university researchers and African community activists committed to helping newly arrived refugees Written accessibly to provide practitioners, academics, and community members with a simple and cogent account of how, step by step, the process of healing communities and re-building can begin Published at a critical time in the face of the worldwide refugee crisis, and offers helpful frameworks and practical tools for dialogue in situations where individuals and communities are displaced
|
| 506 |
1 |
|
|a Disponible solo en los productos indicados
|d vLex Global
|d vLex Global (Academic Edition, excluding Law Schools)
|d vLex Global (Academic Edition, Law Schools)
|
| 650 |
0 |
4 |
|a Derecho Procesal
|z Estados Unidos
|
| 740 |
0 |
|
|a vLex Libros (Servicio en ln̕ea)
|
| 856 |
4 |
0 |
|u http://vlex.com/source/diasporas-in-dialogue-conflict-transformation-and-reconciliation-in-worldwide-refugee-communities-32461
|z Acceso restringido
|
| 942 |
|
|
|c BOOK
|
| 999 |
0 |
|
|a Procedural law
|